| 000 | 01014cam a2200301 i 4500 | ||
|---|---|---|---|
| 001 | bg | ||
| 003 | BPK | ||
| 005 | 20210301113335.0 | ||
| 008 | 970510s1994 pl a f f |000 0 pol | ||
| 015 | _aPB 1994/11251 | ||
| 020 | _a8301050373 | ||
| 040 |
_aWA N _cBPK |
||
| 080 | _a538.9 | ||
| 080 | _a539.1 | ||
| 080 | _a(075.8+076) | ||
| 100 | 1 |
_aHennel, Andrzej _e(1949- ) |
|
| 245 | 1 | 0 |
_aZadania z fizyki atomu, cząsteczki i ciała stałego / _cAndrzej Hennel, Wojciech Szuszkiewicz. |
| 250 | _aWyd. 2. | ||
| 260 |
_aWarszawa : _bWydaw. Naukowe PWN, _c1994 _e(Wroc. : _fWDN). |
||
| 300 |
_a250, [4] s. : _brys., wykr. ; _c24 cm. |
||
| 650 | 4 | _aCiało stałe | |
| 650 | 4 | _aFizyka atomowa | |
| 655 | 4 | _aĆwiczenia i zadania dla szkół wyższych | |
| 710 | 2 |
_aWydawnictwo Naukowe PWN _4pbl. |
|
| 700 | 1 |
_aSzuszkiewicz, Wojciech _eAutor |
|
| 856 |
_uhttp://koha.tu.koszalin.pl/cgi-bin/koha/opac-detail.pl?biblionumber=24468 _yKatalog online BPK |
||
| 942 |
_2UKD _cKS |
||
| 999 |
_c24468 _d24468 |
||